Des projets européens pour les Bourses de valeurs.
Projekt spoločnej európskej burzy. Európsky burzový trh akcií je veľmi rozdelený. Eurokvóty, ich charakter a úloha rokovacieho systému. Eurolistina ako nástroj informácií. Burzová Eurovízia. Britský návrh "European Wholesale Market". (BHF-Bank, bulletin 1990, 18.12.).
Salvato in:
| Natura: | Capitolo di libro |
|---|---|
| Lingua: | francese |
| Soggetti: | |
| Tags: |
Nessun Tag, puoi essere il primo ad aggiungerne!!
|
MARC
| LEADER | 00000naa a2200000 4500 | ||
|---|---|---|---|
| 001 | r004537 | ||
| 005 | 20221125091559.1 | ||
| 041 | 0 | |a fre | |
| 044 | |a FR | ||
| 245 | 1 | 0 | |a Des projets européens pour les Bourses de valeurs. |
| 520 | |a Projekt spoločnej európskej burzy. Európsky burzový trh akcií je veľmi rozdelený. Eurokvóty, ich charakter a úloha rokovacieho systému. Eurolistina ako nástroj informácií. Burzová Eurovízia. Britský návrh "European Wholesale Market". (BHF-Bank, bulletin 1990, 18.12.). | ||
| 610 | 2 | 0 | |a papiere cenné |
| 610 | 2 | 0 | |a burzy |
| 610 | 2 | 0 | |a západná Európa |
| 610 | 2 | 0 | |a trh kapitálový |